000 00466nam a2200181Ia 4500
008 131103s9999 xx 000 0 und d
020 _a870443410
040 _aLoreto College
041 _aEnglish
082 _aREF/W
_bLCBED/10351
245 _aHidden worlds
260 _aWashington
_bThe national geographic society
_c[19?]
300 _a104p.
_b pic.
_c 24cm.
504 _aIncludes index
650 _aWorld History
850 _aLCBED/REF/W
942 _cBK
999 _c31067
_d81546